000 00300nam a2200133Ia 4500
008 240624s9999 xx 000 0 und d
041 _aeng
082 _a823 PUZ
100 _aPUZO MARIO
245 _aGODFATHER
260 _c1991
_aLondon
_bArrow Books
300 _a595 : p. : cm. ; 18
365 _cRS
999 _c3589
_d3589